Prénoms garçons 2000 - Statistiques

Statistiques générales
  • Ce quiz a été pris 376 fois
  • Le résultat moyen est 48 sur 100
Statistiques - réponses
Hint Lettre Prénoms % Correct
3 T Théo
90%
1 T Thomas
88%
12 Q Quentin
85%
31 L Léo
83%
15 L Louis
83%
2 L Lucas
82%
10 J Julien
79%
18 P Paul
79%
11 V Valentin
78%
84 A Alex
77%
5 H Hugo
77%
51 J Jules
77%
33 M Mathis
75%
7 A Antoine
74%
36 T Tom
74%
6 A Alexandre
71%
30 V Victor
71%
8 N Nicolas
69%
21 P Pierre
69%
61 J Jean
68%
28 K Kevin
68%
4 M Maxime
67%
17 B Baptiste
66%
19 R Romain
65%
27 M Mathieu
63%
26 N Nathan
63%
16 A Alexis
62%
48 G Gabriel
62%
9 C Clément
61%
38 R Raphaël
60%
25 A Arthur
59%
13 F Florian
59%
62 D Damien
56%
54 F Fabien
56%
77 Y Yann
56%
44 B Bastien
55%
14 B Benjamin
54%
32 C Corentin
54%
20 E Enzo
54%
55 C Charles
53%
43 D David
52%
63 W William
50%
22 A Adrien
49%
47 M Martin
49%
68 V Vincent
49%
71 Y Yanis
49%
23 A Anthony
48%
35 S Simon
48%
69 F Florent
46%
34 J Jeremy
46%
90 M Mattéo
46%
29 A Axel
45%
42 G Guillaume
45%
50 S Samuel
45%
79 S Sebastien
45%
60 M Mathias
43%
41 T Thibault
43%
39 R Rémi
42%
76 T Tristan
42%
40 M Maxence
41%
93 M Mohamed
41%
85 F François
40%
37 J Jordan
40%
59 M Maël
40%
72 A Adam
39%
82 A Arnaud
39%
46 D Dorian
38%
70 J Jonathan
38%
45 K Kilian
38%
24 D Dylan
37%
49 A Aurélien
35%
64 B Benoît
35%
65 E Etienne
34%
88 G Grégory
34%
67 M Matthieu
34%
53 R Robin
32%
52 L Loïc
31%
57 A Antonin
30%
75 R Remy
30%
94 M Mickaël
29%
83 G Gaëtan
28%
78 L Lilian
28%
81 C Cédric
26%
95 D Dimitri
26%
80 B Bryan
25%
100 L Ludovic
24%
84 R Rayan
24%
91 T Thibaut
22%
73 B Brice
19%
89 R Ryan
19%
66 T Tony
18%
56 E Erwan
17%
99 J Jason
16%
97 M Mehdi
16%
87 A Alan
15%
98 S Sofiane
15%
86 S Steven
15%
96 C Christopher
14%
58 A Allan
12%
92 T Tanguy
10%
Aucun quiz correspondant
Distribution des résultats
% des personnes avec chaque résultat
Percentile par nombre de réponses
Votre historique - résultats
Vous n’avez pas pris ce quiz